000 01065nam a2200253 i 4500
001 157766
003 ES-MaACL
005 20250930063136.0
008 931025s1784 sp |||| | spa d
080 _a58
100 0 _aLinné, Carl von,
_d1707-1778
_972451
245 1 0 _aParte práctica de botánica /
_cdel caballero Carlos Linneo... ; traducida del latin en castellano e ilustrada por don Antonio Paláu y Verdéra... ; tomo I.
260 _aMadrid :
_ben la Imprenta Real,
_c1784.
300 _a[12], LVI, 796 p., [2] h. de lám. ;
_c8º.
546 _aTexto paralelo latín-español.
597 _aSign.: [ ]6, A-C8, D4, A-2Z8, 3A-3C8, 3D6.
597 _aParte del texto a dos col.
597 _aAntep.
597 _aLám.: grab. calc. "Bruno Salvador y Carmona la dibuxo grabada por Joachin Ballester"
650 7 _aBotánica
_2embne
_910610
700 1 _aPalau y Verdera, Antonio.
_988508
852 4 _aES-MaACL
_jR-2161-69
_z- Enc. piel con hierros, falto de las h. de lám.
_x.Olim: G-7079-87.
999 _c157766
_d157766